Domáci striedajú cudzincov

Pozície v strednom a vrcholovom manažmente po vzniku samostatnej republiky obsadzované takmer výhradne zahraničnými manažérmi. Príchod zahraničných investorov na Slovensko a tým aj príchod zahraničných manažérov. Vnímanie slovenského prostredia zahraničnými manažérmi. Bod zlomu. Najvýznamnejšie spol...

Descrizione completa

Salvato in:
Dettagli Bibliografici
Autore principale: Švorcová, Petra
Natura: Capitolo di libro
Lingua:slovacco
Soggetti:
Tags: Aggiungi Tag
Nessun Tag, puoi essere il primo ad aggiungerne!!

MARC

LEADER 00000naa a2200000 4500
001 0168341
005 20231113074734.5
041 0 |a slo 
044 |a SK 
245 1 0 |a Domáci striedajú cudzincov  |c Petra Švorcová 
520 |a Pozície v strednom a vrcholovom manažmente po vzniku samostatnej republiky obsadzované takmer výhradne zahraničnými manažérmi. Príchod zahraničných investorov na Slovensko a tým aj príchod zahraničných manažérov. Vnímanie slovenského prostredia zahraničnými manažérmi. Bod zlomu. Najvýznamnejšie spoločnosti v rukách zahraničných investorov. Generácia slovenských manažérov schopných viesť medzinárodnú spoločnosť. 
610 2 0 |a manažéri 
610 2 0 |a riadenie podnikové 
610 2 0 |a vedenie podniku 
610 2 0 |a investori 
610 2 0 |a investície zahraničné 
610 2 0 |a Slovensko 
100 1 |a Švorcová, Petra